Return to sender (Record no. 74153)

MARC details
000 -LEADER
fixed length control field 00865cab a2200217 4500
001 - CONTROL NUMBER
control field ABS67554
008 - FIXED-LENGTH DATA ELEMENTS--GENERAL INFORMATION
fixed length control field 040217n2004 000 0 eng u
035 ## - SYSTEM CONTROL NUMBER
System control number (Sirsi) u125172
100 ## - MAIN ENTRY--PERSONAL NAME
Personal name Murdoch, J.
245 ## - TITLE STATEMENT
Title Return to sender
260 ## - PUBLICATION, DISTRIBUTION, ETC.
Date of publication, distribution, etc. 2004
490 ## - SERIES STATEMENT
Series statement Estates Gazette
Volume/sequential designation (0405) 31 January 20 04, 145(1)
520 ## - SUMMARY, ETC.
Summary, etc. Discusses a recent case "Tennaro Ltd v Majorarch Ltd" ([2003] EWHC 2601 (Ch), [2003] 47 EG 154 (CS)) which raises a number of issues concerning a contract of sale. Concludes that where a seller could have proceeded with the agreed sale or with a resale without incurring losses, a case can be made for the return of the deposit.
590 ## - LOCAL NOTE (RLIN)
Local note ABS
650 ## - SUBJECT ADDED ENTRY--TOPICAL TERM
Topical term or geographic name entry element TENNARO LTD V MAJORARCH LTD
650 ## - SUBJECT ADDED ENTRY--TOPICAL TERM
Topical term or geographic name entry element CONTRACTS OF SALE
650 ## - SUBJECT ADDED ENTRY--TOPICAL TERM
Topical term or geographic name entry element DEPOSITS
650 ## - SUBJECT ADDED ENTRY--TOPICAL TERM
Topical term or geographic name entry element COMPLETITION
690 ## - LOCAL SUBJECT ADDED ENTRY--TOPICAL TERM (OCLC, RLIN)
Topical term or geographic name as entry element PROPERTY LAW AND PRACTICE
942 ## - ADDED ENTRY ELEMENTS (KOHA)
Suppress in OPAC 0
Holdings
Withdrawn status Lost status Source of classification or shelving scheme Damaged status Not for loan Home library Current library Shelving location Date acquired Total Checkouts Full call number Barcode Date last seen Copy number Price effective from Koha item type
    Dewey Decimal Classification     London London Journal article 17/02/2004   ABS67554 125172-1001 06/08/2019 1 06/08/2019 Journal article